Trespass at your peril (Record no. 72913)
[ view plain ]
| 000 -LEADER | |
|---|---|
| fixed length control field | 01353cam a2200241 4500 |
| 001 - CONTROL NUMBER | |
| control field | ABS66843 |
| 008 - FIXED-LENGTH DATA ELEMENTS--GENERAL INFORMATION | |
| fixed length control field | 111219e2003 000 0 eng u |
| 035 ## - SYSTEM CONTROL NUMBER | |
| System control number | (Sirsi) u122730 |
| 245 ## - TITLE STATEMENT | |
| Title | Trespass at your peril |
| 260 ## - PUBLICATION, DISTRIBUTION, ETC. | |
| Date of publication, distribution, etc. | 2003 |
| 490 ## - SERIES STATEMENT | |
| Series statement | Estates Gazette |
| Volume/sequential designation | (0322) 31 May 2003, 140(1) |
| 520 ## - SUMMARY, ETC. | |
| Summary, etc. | Discusses the liability of landowners to trespassers under the Occupiers' Liability Act 1984. Suggests that an occupier owes a duty of care to trespassers where three conditions have been satisfied. Firstly the occupier is aware of the danger, secondly he/she is aware that the other person is or is likely to be in vicinity of danger and thirdly could he/she reasonably be expected to offer the other person some protection. Refers to "Donoghue v Folkestone Properties Ltd" ([2003] EWCA Civ 231 [2003], 2 WLR 1138) where CA held that the occupier was not liable reaffirming the approach of 'let the trespasser beware'. |
| 590 ## - LOCAL NOTE (RLIN) | |
| Local note | ABS |
| 650 ## - SUBJECT ADDED ENTRY--TOPICAL TERM | |
| Topical term or geographic name entry element | OCCUPIERS LIABILITY ACT 1984 |
| 650 ## - SUBJECT ADDED ENTRY--TOPICAL TERM | |
| Topical term or geographic name entry element | LAW OF TRESPASS |
| 650 ## - SUBJECT ADDED ENTRY--TOPICAL TERM | |
| Topical term or geographic name entry element | TOMLINSON V CONGLETON BC |
| 650 ## - SUBJECT ADDED ENTRY--TOPICAL TERM | |
| Topical term or geographic name entry element | DONOGHUE V FOLKESTONE PROPERTIES LTD |
| 650 ## - SUBJECT ADDED ENTRY--TOPICAL TERM | |
| Topical term or geographic name entry element | NEGLIGENCE |
| 650 ## - SUBJECT ADDED ENTRY--TOPICAL TERM | |
| Topical term or geographic name entry element | LIABILITY |
| 690 ## - LOCAL SUBJECT ADDED ENTRY--TOPICAL TERM (OCLC, RLIN) | |
| Topical term or geographic name as entry element | PROPERTY LAW AND PRACTICE-CASE LAW |
| 856 ## - ELECTRONIC LOCATION AND ACCESS | |
| Uniform Resource Identifier | <a href="https://www.bailii.org/ew/cases/EWCA/Civ/2003/231.html">https://www.bailii.org/ew/cases/EWCA/Civ/2003/231.html</a> |
| Public note | View the judgment free of charge at www.bailii.org |
| 942 ## - ADDED ENTRY ELEMENTS (KOHA) | |
| Suppress in OPAC | 0 |
| Withdrawn status | Lost status | Source of classification or shelving scheme | Damaged status | Not for loan | Home library | Current library | Shelving location | Date acquired | Total Checkouts | Full call number | Barcode | Date last seen | Copy number | Price effective from | Koha item type |
|---|---|---|---|---|---|---|---|---|---|---|---|---|---|---|---|
| Dewey Decimal Classification | London | London | Journal article | 25/06/2003 | ABS66843 | 122730-1001 | 06/08/2019 | 1 | 06/08/2019 | Journal article |